000 00927nam a22002297a 4500
005 20240530110507.0
008 151013s2009 ua g b 000 0 ara d
017 _a2008/21604
_bمصر . دار الكتب المصرية
020 _a9773222497
040 _aEG-CaGPL
082 0 4 _221
_a091.1\
_bك م
100 0 _aكرم حلمى فرحات احمد
245 1 2 _aالمخطوط العربى :
_bادوات التحقيق و الدراسة و النشر /
_cاعداد كرم حلمى فرحات احمد
250 _aط1
260 _aالقاهرة :
_bعين للدراسات و البحوث الانسانية و الاجتماعية ،
_c2009 .
300 _a132 ص ؛
_c24 سم .
504 _aيشتمل على ارجاعات ببليوجرافية
650 0 4 _aالمخطوطات العربية
650 0 4 _aالكتب النادرة
942 _2ddc
_cBK
999 _c61598
_d61598